Automotive Engines (Record no. 8153)
[ view plain ]
| 000 -LEADER | |
|---|---|
| fixed length control field | 00508nam a22001697a 4500 |
| 005 - DATE AND TIME OF LATEST TRANSACTION | |
| control field | 20251108124854.0 |
| 008 - FIXED-LENGTH DATA ELEMENTS--GENERAL INFORMATION | |
| fixed length control field | 251108b |||||||| |||| 00| 0 eng d |
| 020 ## - INTERNATIONAL STANDARD BOOK NUMBER | |
| International Standard Book Number | 9780070149571 |
| 050 ## - LIBRARY OF CONGRESS CALL NUMBER | |
| Classification number | TL210 |
| Item number | .C7 |
| 100 ## - MAIN ENTRY--PERSONAL NAME | |
| Personal name | Crouse, William H. |
| 245 ## - TITLE STATEMENT | |
| Title | Automotive Engines |
| Statement of responsibility, etc. | William H. Crouse & Donald L. Anglin |
| 250 ## - EDITION STATEMENT | |
| Edition statement | 7th ed. |
| 260 ## - PUBLICATION, DISTRIBUTION, ETC. | |
| Place of publication, distribution, etc. | Lake Forest, Illinois |
| Name of publisher, distributor, etc. | Glencoe/ Macmillan/McGraw-Hill |
| Date of publication, distribution, etc. | 1992 |
| 300 ## - PHYSICAL DESCRIPTION | |
| Extent | ix. 374p. |
| Other physical details | ill. |
| Dimensions | 28cm |
| 700 ## - ADDED ENTRY--PERSONAL NAME | |
| Personal name | Anglin, Donald L. |
| 942 ## - ADDED ENTRY ELEMENTS (KOHA) | |
| Source of classification or shelving scheme | Library of Congress Classification |
| Koha item type | Books |
| Edition | 7th ed. |
| Suppress in OPAC | No |
| 999 ## - | |
| -- | 8153 |
| -- | 8153 |
| Withdrawn status | Lost status | Source of classification or shelving scheme | Damaged status | Not for loan | Collection | Home library | Current library | Shelving location | Date acquired | Total checkouts | Full call number | Barcode | Date last seen | Copy number | Price effective from | Koha item type |
|---|---|---|---|---|---|---|---|---|---|---|---|---|---|---|---|---|
| Library of Congress Classification | Non-fiction | Science Library (Miotso) | Science Library (Miotso) | General stacks | 11/08/2025 | TL210 .C7 CRO | SLM00005603 | 11/08/2025 | 1 | 11/08/2025 | Books | |||||
| Library of Congress Classification | Non-fiction | Science Library (Miotso) | Science Library (Miotso) | General stacks | 11/08/2025 | TL210 .C7 CRO | SLM00005604 | 11/08/2025 | 2 | 11/08/2025 | Books |